00438 a2200145 4500003000400000005001700004008004100021020001800062040000900080082001500089100002200104245012300126260003300249300001000282OSt20231102142004.0231102b |||||||| |||| 00| 0 eng d a9788195162307 coclc a330bMAL/R aMalayil, Abhilash aRayyathuvari:bCompany statum political economyum malabar jillaye aspadamakkiyulla nireekshanangal /cAbhilash Malayil aKerala:bOther Books,c2022. a205 p